000 00551nam a2200217Ia 4500
005 20250508165042.0
008 008 250505s9999 xx 000 0 eng d
020 _a0-19-563331-8
037 _aTextual
040 _aFEDL
_beng
_cFEDL
041 _aeng
_2eng
084 _a823, HAR
_qFEDL
100 _aHardy Thomas
245 0 _aJude the obscure
260 _aNew Delhi, India
_bPeacock Books
_c1994
300 _aviii,409p.
365 _aINR
_b50
546 _aMACESE
942 _cTEXL
_h823, HAR
999 _c1392839
_d1392839